00787nam a2200217 a 450000100100000000500170001000800410002702000150006804000250008310000240010824000220013224500710015426000350022530000210026049000320028150000690031370000260038283000390040895201050044799900170055200004310620201002040637.0140219s1997 sp 000 j spa d a8433908545 aDO-SdBNPbspacBNPHU1 aShepard, Sam97063710aCruising paradise10aCruzando el paraíso. /cSam Shepard; traducción Mauricio Bach. aBarcelona, :bAnagrama,c1997. a263 p. ;c22 cm.1 aPanorama de narrativasv384 aIncluye datos biografícos del autor en la solapa de la portada12aBach, Mauricio970638 0aPanorama de narrativasn384970639 001050718MOaGRbGRcCTd2014-02-19iLF1l0o p43106-10r2020-06-25w2020-06-25y1ZNo se presta c42595d42595